书目信息 |
| 题名: |
翻阅日历
|
|
| 作者: | 李铁 著 | |
| 分册: | ||
| 出版信息: | 长春 吉林人民出版社 2012 |
|
| 页数: | 12, 202页 | |
| 开本: | 23cm | |
| 丛书名: | 看世界丛书 | |
| 单 册: | ||
| 中图分类: | K105-49 , K105 | |
| 科图分类: | ||
| 主题词: | 历史事件--li shi shi jian--世界--通俗读物 | |
| 电子资源: | ||
| ISBN: | 978-7-206-08777-6 | |
| 000 | 00828nam 2200265 450 | |
| 001 | 2337923385 | |
| 005 | 20231109095047.57 | |
| 010 | @a978-7-206-08777-6@dCNY48.00 | |
| 100 | @a20130329d2012 demy0chiy50 ea | |
| 101 | 0 | @achi |
| 102 | @aCN@b220000 | |
| 105 | @ay z 000yd | |
| 200 | 1 | @a翻阅日历@Afan yue ri li@f李铁等著 |
| 210 | @a长春@c吉林人民出版社@d2012 | |
| 215 | @a12, 202页@d23cm | |
| 225 | 2 | @a看世界丛书@Akan shi jie cong shu |
| 304 | @a封面题: 李铁等编著 | |
| 330 | @a本书从青少年的视角, 选取了20世纪以来历史上的重大事件及著名人物, 这些事件及人物对当今世界产生了巨大影响。 | |
| 410 | 0 | @12001 @a看世界丛书 |
| 606 | 0 | @a历史事件@Ali shi shi jian@y世界@j通俗读物 |
| 690 | @aK105-49@v5 | |
| 690 | @aK105@v4 | |
| 701 | 0 | @a李铁@Ali tie@4著 |
| 801 | 0 | @aCN@b山东中教@c20230926 |
| 905 | @aBZT@dK105@e13 | |
| 翻阅日历/李铁等著.-长春:吉林人民出版社,2012 |
| 12, 202页;23cm.-(看世界丛书) |
| ISBN 978-7-206-08777-6:CNY48.00 |
| 本书从青少年的视角, 选取了20世纪以来历史上的重大事件及著名人物, 这些事件及人物对当今世界产生了巨大影响。 |
| ● |
| 相关链接 |
|
|
|
正题名:翻阅日历
索取号:K105/13
 
预约/预借
| 序号 | 登录号 | 条形码 | 馆藏地/架位号 | 状态 | 备注 |
| 1 | 2000962121 | 2000962121 | 培训中心一楼图书角/四35架A面1层6列/ [索取号:K105/13] | 在馆 | |
| 2 | 2000962122 | 2000962122 | 培训中心一楼图书角/四35架A面1层6列/ [索取号:K105/13] | 在馆 | |
| 3 | 2000962123 | 2000962123 | 培训中心一楼图书角/四35架A面1层6列/ [索取号:K105/13] | 在馆 | |
| 4 | 2000962124 | 2000962124 | 第四书库/四35架A面1层6列/ [索取号:K105/13] | 在馆 | |
| 5 | 2000962125 | 2000962125 | 第四书库/四35架A面1层6列/ [索取号:K105/13] | 在馆 | |
| 6 | 2000962126 | 2000962126 | 第四书库/四35架A面1层6列/ [索取号:K105/13] | 在馆 |